مكتبة جامعة عجلون الوطنية

فهرس بحث المكتبة

Normal view MARC view
  • يوم القيامة

Entry Topical Term

Number of records used in: 1

001 - CONTROL NUMBER

  • control field: 19501

003 - CONTROL NUMBER IDENTIFIER

  • control field: JO-AjAnu

005 - DATE AND TIME OF LATEST TRANSACTION

  • control field: 20230606073415.0

008 - FIXED-LENGTH DATA ELEMENTS

  • fixed length control field: 230606|| aca||aabn | a|a d

040 ## - CATALOGING SOURCE

  • Original cataloging agency: JO-AjAnu
  • Transcribing agency: JO-AjAnu

150 ## - HEADING--TOPICAL TERM

  • Topical term or geographic name entry element: يوم القيامة

670 ## - SOURCE DATA FOUND

  • Source citation: Work cat.: (JO-AjAnu)10014: تأليف ، حسن، محمد كامل؛ مراجعة حسن تميم, author 19500, الموسوعة القرآنية : الآخرة في القرآن الكريم